书目信息 |
| 题名: |
拥抱优质的婚姻
|
|
| 作者: | 林蕙瑛 著 | |
| 分册: | ||
| 出版信息: | 北京 北京出版社 2001.01 |
|
| 页数: | 223页 | |
| 开本: | 20cm | |
| 丛书名: | 非常作家系列 | |
| 单 册: | ||
| 中图分类: | C913.13 | |
| 科图分类: | ||
| 主题词: | 婚姻--hun yin--通俗读物 | |
| 电子资源: | ||
| ISBN: | 7-200-04152-1 | |
| 000 | 00861nam 2200253 450 | |
| 001 | 012007574446 | |
| 005 | 20080826134457.15 | |
| 010 | @a7-200-04152-1@dCNY14.00 | |
| 100 | @a20010307d2001 em y0chiy0110 ea | |
| 101 | 0 | @achi |
| 102 | @aCN@b110000 | |
| 105 | @ay z 000yy | |
| 200 | 1 | @a拥抱优质的婚姻@Ayong bao you zhi de hun yin@f林蕙瑛著 |
| 210 | @a北京@c北京出版社@d2001.01 | |
| 215 | @a223页@d20cm | |
| 225 | 2 | @a非常作家系列@Afei chang zuo jia xi lie |
| 305 | @a台湾九仪出版社授权出版 | |
| 330 | @a本书收入了作者的几十篇论述家庭、婚姻、爱情的文章,其中包括《情变》、《好男人何处寻?》、《妈妈的儿子要长大》、《沉默的老公问题多》、《大男人就爱小妻子》等。 | |
| 410 | 0 | @12001 @a非常作家系列 |
| 606 | 0 | @a婚姻@Ahun yin@j通俗读物 |
| 690 | @aC913.13@v4 | |
| 701 | 0 | @a林蕙瑛@Alin hui ying@4著 |
| 801 | 0 | @aCN@c20080826 |
| 905 | @dC913.13@eL508 | |
| 拥抱优质的婚姻/林蕙瑛著.-北京:北京出版社,2001.01 |
| 223页;20cm.-(非常作家系列) |
| ISBN 7-200-04152-1:CNY14.00 |
| 本书收入了作者的几十篇论述家庭、婚姻、爱情的文章,其中包括《情变》、《好男人何处寻?》、《妈妈的儿子要长大》、《沉默的老公问题多》、《大男人就爱小妻子》等。 |
| ● |
| 相关链接 |
|
|
|
正题名:拥抱优质的婚姻
索取号:C913.13/L508
 
预约/预借
| 序号 | 登录号 | 条形码 | 馆藏地/架位号 | 状态 | 备注 |
| 1 | 713877 | 207138774 | 社科库509/509社科库 61排2列2层/ [索取号:C913.13/L508] | 在馆 | |
| 2 | 713878 | 207138783 | 社科库509/509社科库 61排2列2层/ [索取号:C913.13/L508] | 在馆 | |
| 3 | 713879 | 207138792 | 社科库509/509社科库 61排2列2层/ [索取号:C913.13/L508] | 在馆 |